Разработка методов обнаружения движущихся металлических объектов в непроводящих и слабопроводящих средах: автореферат диссертации на соискание ученой степени кандидата технических наук; Спец. 25.00.20

Dades bibliogràfiques
Autor principal: Плешакова Е. В. Екатерина Вячеславовна
Autor corporatiu: Российская академия наук Сибирское отделение Институт горного дела (ИГД СО РАН)
Altres autors: Опарин В. Н. Виктор Николаевич (научный руководитель)
Sumari:Защита сост. 21.12.2006 г.
Idioma:rus
Publicat: Новосибирск, [Б. и.], 2006
Matèries:
Format: MixedMaterials Llibre
KOHA link:https://koha.lib.tpu.ru/cgi-bin/koha/opac-detail.pl?biblionumber=108893

MARC

LEADER 00000nam0a2200000 4500
001 108893
005 20231031115842.0
035 |a (RuTPU)RU\TPU\book\117547 
090 |a 108893 
100 |a 20070126d2006 k y0rusy50 ca 
101 0 |a rus 
102 |a RU 
105 |a a dm 001zy 
200 1 |a Разработка методов обнаружения движущихся металлических объектов в непроводящих и слабопроводящих средах  |e автореферат диссертации на соискание ученой степени кандидата технических наук  |e Спец. 25.00.20  |f Е. В. Плешакова  |g Сибирское отделение РАН; Институт горного дела; науч. рук. В. Н. Опарин 
210 |a Новосибирск  |c [Б. и.]  |d 2006 
215 |a 23 с.  |c ил. 
300 |a Защита сост. 21.12.2006 г. 
320 |a Библиогр.: с. 22-23 (14 назв.). 
610 1 |a горное дело 
610 1 |a непроводящие среды 
610 1 |a слабопроводящие среды 
610 1 |a движущиеся металлические объекты 
610 1 |a обнаружение 
610 1 |a электромагнитные волны 
610 1 |a распространение 
610 1 |a индукционные методы 
610 1 |a индукционные датчики 
610 1 |a пневмопробойники 
610 1 |a пространственная ориентация 
610 1 |a авторефераты диссертаций 
675 |a 622:621.3(04)  |v 3 
686 |a 25.00.20  |2 oksvnk 
700 1 |a Плешакова  |b Е. В.  |g Екатерина Вячеславовна 
702 1 |a Опарин  |b В. Н.  |g Виктор Николаевич  |4 727 
712 0 2 |a Российская академия наук  |b Сибирское отделение  |b Институт горного дела (ИГД СО РАН)  |c (Новосибирск)  |2 stltpush  |3 (RuTPU)RU\TPU\col\2521 
801 1 |a RU  |b 63413507  |c 20070126  |g PSBO 
801 2 |a RU  |b 63413507  |c 20071008  |g PSBO 
942 |c BK